Minecraft Movie Steve Quotes - Statistics

General Stats
  • This quiz has been taken 295 times
  • The average score is 9 of 25
Answer Stats
Answer % Correct
Chicken Jockey
91%
I… Am Steve
87%
Flint and STEEL
76%
The Nether
76%
That, is an ender pearl
60%
Water Bucket RELEASE
60%
This, is a crafting table
56%
Coming in Hot!
54%
La-la-la-lava, ch-ch-ch-chicken
50%
As a child, I yearned for the mines
43%
Diamond Armor, Full Set
42%
Big Ol’ Red Ones
38%
Blades for days
28%
These dudes, they’re the villagers!
26%
Welcome to the stash
24%
Boots of Swiftness
23%
Slime Cube
23%
Crushing a loaf
12%
Elytra wingsuits
11%
The overworld
11%
They’re a bunch of big softies
11%
You got yourself a sweet blade
11%
This pig is mine
6%
Awooooo
2%
My first house
2%
No matching quizzes found
Score Distribution
Percent of People with Each Score
Percentile by Number Answered
Your Score History
You have not taken this quiz